Reklama u neziskových organizácií

Vymedzenie neziskových organizácií. Zdaniteľné príjmy u neziskových organizácií. Oslobodenie príjmov z reklám od dane. Praktické príklady.

Salvato in:
Dettagli Bibliografici
Autore principale: Valterová, Ivana
Natura: Capitolo di libro
Lingua:slovacco
Soggetti:
Tags: Aggiungi Tag
Nessun Tag, puoi essere il primo ad aggiungerne!!

MARC

LEADER 00000naa a2200000 4500
001 0246301
005 20180711102931.6
041 0 |a slo 
044 |a SK 
245 1 0 |a Reklama u neziskových organizácií  |c Ivana Valterová 
520 |a Vymedzenie neziskových organizácií. Zdaniteľné príjmy u neziskových organizácií. Oslobodenie príjmov z reklám od dane. Praktické príklady. 
610 2 0 |a dane z príjmov 
610 2 0 |a oslobodenie od daní 
610 2 0 |a reklama 
610 2 0 |a organizácie neziskové 
610 2 0 |a nadácie 
610 2 0 |a združenia občianske 
610 2 0 |a fondy neinvestičné 
610 2 0 |a služby verejnoprospešné 
610 2 0 |a legislatíva 
100 1 |a Valterová, Ivana